000 00479nam a22002057a 4500
003 UA-OsUOA
001 52755
007 ta
008 20150908b un ||||| |||| 00| 0 ukr d
090 _a7
942 _cBK
040 _aUA-OsUOA
_beng
_cUA-OsUOA
_dUA-OsUOA
245 _aPre-Columbian Art
955 _a1
041 _aeng
080 _a7
260 _aWinchester
_bThe University Prints
_c1979
650 7 _a7 Мистецтво. Ігри. Спорт.
_2UDC
999 _c432872
_d432872